000
00352 a2200169 4500
001
185055
020
_a
85-322-5214-1
040
_c
Magnum
100
_a
Rocha, Ruth
240
1
0
_a
A máquina maluca
_l
por
245
1
0
_a
A máquina maluca
300
_a
32
362
0
_a
2004
440
1
_a
FTD
697
_a
LITERATURA INFANTO-JUVENIL
942
_c
BK
999
_c
185055
_d
185055